Incompetencia de la Sala Constitucional para enjuiciar por el fondo proyectos de ley de reforma constitucional /

Gespeichert in:
Bibliographische Detailangaben
1. Verfasser: Arias Ramírez, Bernal
Format: Text
Schlagworte:
Tags: Tag hinzufügen
Keine Tags, Fügen Sie den ersten Tag hinzu!

MARC

LEADER 00000 a a2200000 04500
001 17178
003
040
100 |a Arias Ramírez, Bernal  
245 |a Incompetencia de la Sala Constitucional para enjuiciar por el fondo proyectos de ley de reforma constitucional /  |c Bernal Arias Ramírez 
650 |a SISTEMAS POLITICOS  
650 |a ESTADO  
650 |a PODER LEGISLATIVO  
650 |a PARLAMENTO  
650 |a LEGISLACION  
773 |g volumen 8, número 3; páginas 173-211  
999 |c 38830  |d 38830